00382nam a2200145Ia 4500008004100000020001500041082001700056100002300073245005000096250000800146260002900154300001300183500002400196650001600220230524s9999 xx 000 0 und d a8121917794 a621.395bKUM aSubir Kumar Sarkar 0aOperational Amplifiers and their Applications a1ST aNEW DELHIbS.Chandc2003 aVIII;440 aQuantity Number: 5 aElectronics